000 00369nam a2200157Ia 4500
100 _aGu/Qizheng
650 _aCommunication
942 _cBK
366 _f17.5
654 _aRF system
245 _aRF system design of Tranceivers for wireless communication
260 _bSpringer
_aNew Delhi
_c2005
082 _a384.5/GU
_bGU
300 _a479
546 _aENGLISH
999 _c23047
_d23047